000 01319ncm a2200409 c 4500
999 _c352070
_d352070
003 BLK
005 20240318113429.0
008 180414b bul |a|er|||| |0| c|bulo|
010 _aNOT00003027000
040 _aBLK
041 _aDEU
_cDEU
080 _aКонцерт за кларинет и оркестър
_b785.6:788.6
_z785.6:788.6
080 _aДуо кларинет и пиано
_b785.72:788.6:786.2
_z785.72:788.6:786.2
100 1 _aВагнер, Рихард
_944950
139 _aВагнер, Рихард
_bВ 13
245 1 0 _aAdagio fur Klarinette und streichquintett
_bFur Klarinette und Klavier
_cRichard Wagner.
254 _aКлавир
257 _aDEU
260 _bBreitkopf & Hartel
_cs.a.
_9402906
_aLeipzig
300 _a5 с.
_c30 см
_e1 щим
380 _a7
490 _9402706
_aEdition Peters
_v4884
650 4 _aКларинет - концерти, концертини
_9353187
653 _aкларинети
653 _aконцерти
852 _a Цб М ІІ 3237
_p0
_bИП
856 4 _qpdf
_u
856 4 _qpdf
_u
942 _cNOT
_n0
_s1
944 _aCR
_c2020-04-07
_k30560
_lГеновева Генчева
999 _d352070
999 _d352070
999 _d352070
999 _d350500
999 _d350500
999 _d314616